00495 2200193 4500001002100000005001700021008004100038035002400079082001000103090001700113100001400130245006000144260002500204300002300229650001000252852001200262990001500274990001200289YOGYA-0411000000108420110413085714.0 ind  0010-041100000001084 a745.5 a745.5bMar B aMartin, B aBelajar melukis batik beserta motif-motifnyacB. Martin aYogyakartabNurcahya a45 hlm.c15x21 cm. aBatik aYOPDYOG a13423-Pb1 a13423-P